Doing business in India.
| Other Authors: | , , |
|---|---|
| Format: | Book |
| Published: |
Singapore:
Thomson, Sweet & Maxwell Asia,
2004.
|
| Subjects: |
| LEADER | 00518cam a2200181 7i4500 | ||
|---|---|---|---|
| 001 | 0000016200 | ||
| 005 | 20051003090000.0 | ||
| 020 | 0 | 0 | |a 981-05-1751-3 |
| 090 | 0 | 0 | |a INDA 338.7 |b DOI |
| 245 | 0 | 0 | |a Doing business in India. |
| 260 | 0 | 0 | |a Singapore: |b Thomson, Sweet & Maxwell Asia, |c 2004. |
| 300 | # | # | |a 150 p. |
| 650 | 0 | 0 | |a Business -- |z India |
| 651 | 0 | 0 | |a India |
| 700 | 2 | 1 | |a Pillay, |h Mohan R |
| 700 | 2 | 1 | |a Sandosham, |h Paul R |
| 700 | 2 | 1 | |a Ponniya, |h Nandakumar |
| 999 | |a B000017581 |b Book |c Countries |e Business Information Centre | ||


